| 000 | 01182cam a22003497a 4500 | ||
|---|---|---|---|
| 003 | CHAP | ||
| 005 | 20220329142442.0 | ||
| 008 | 010302d2000 us a r 00110 eng d | ||
| 010 | _a83705 | ||
| 011 | _a84677 | ||
| 020 | _a1566704650 | ||
| 035 | _a95202 | ||
| 040 | _cCHAP | ||
| 082 | 0 | 4 |
_a631.45 _bD3 |
| 100 | 0 | 0 |
_aDablow III, John F. _930859 |
| 245 | 1 | 0 |
_aSteam and electroheating remediation of tight soils _c/by John F. Dablow III, Paul C. Johnson, John A. Pearce |
| 260 |
_aBoca Raton, Florida : _bLewis publishers, _cc.2000. |
||
| 300 |
_a410 p. : _bilus. ; gráfs. ; cuadros |
||
| 590 |
_aBATCH-UPD _b10 _c20130110 _lUCH01 _h0543 |
||
| 590 |
_aBATCH-UPD _b10 _c20130410 _lUCH01 _h0224 |
||
| 590 |
_aBATCH-UPD _b10 _c20130914 _lUCH01 _h0817 |
||
| 590 |
_aCONVERSION _b10 _c20130109 _lUCH01 _h1347 |
||
| 650 | 1 | 4 |
_aCalentamiento del suelo. _917470 |
| 650 | 1 | 4 |
_aPropiedades hidráulicas del suelo. _992424 |
| 650 | 1 | 4 |
_aVapor. _9117901 |
| 700 | 0 |
_aJohnson, Paul C. _961860 |
|
| 700 | 0 |
_aPearce, John A. _986403 |
|
| 901 | _aBK | ||
| 905 | _aPatricia Mendoza P. | ||
| 942 | _cLIBRO | ||
| 949 |
_a631.45 D3 _bBC _cLIBRO _d33724000812855 _eLIBRO _g208933 _h98934 _i95202 _si _t$671.52 |
||
| 999 |
_c83705 _d83705 |
||